<?xml version="1.0" encoding="UTF-8"?>
<record
    xmlns:xsi="http://www.w3.org/2001/XMLSchema-instance"
    xsi:schemaLocation="http://www.loc.gov/MARC21/slim http://www.loc.gov/standards/marcxml/schema/MARC21slim.xsd"
    xmlns="http://www.loc.gov/MARC21/slim">

  <leader>01289nam0a2200265   4500</leader>
  <controlfield tag="001">RU\NLR\bibl\153837</controlfield>
  <controlfield tag="005">20260407114150.0</controlfield>
  <datafield tag="035" ind1=" " ind2=" ">
    <subfield code="a">(NLR Aleph) 000150833</subfield>
  </datafield>
  <datafield tag="090" ind1=" " ind2=" ">
    <subfield code="a">865602</subfield>
    <subfield code="c">865602</subfield>
  </datafield>
  <datafield tag="100" ind1=" " ind2=" ">
    <subfield code="a">20010510d1999    |||y0rusy50      ca</subfield>
  </datafield>
  <datafield tag="101" ind1="0" ind2=" ">
    <subfield code="a">rus</subfield>
  </datafield>
  <datafield tag="102" ind1=" " ind2=" ">
    <subfield code="a">RU</subfield>
  </datafield>
  <datafield tag="105" ind1=" " ind2=" ">
    <subfield code="a">y   |||||||||</subfield>
  </datafield>
  <datafield tag="200" ind1="1" ind2=" ">
    <subfield code="a">&#x422;&#x435;&#x445;&#x43D;&#x43E;&#x43B;&#x43E;&#x433;&#x438;&#x44F; &#x432;&#x435;&#x434;&#x435;&#x43D;&#x438;&#x44F; &#x43B;&#x43E;&#x43A;&#x430;&#x43B;&#x44C;&#x43D;&#x44B;&#x445; &#x431;&#x430;&#x437; &#x434;&#x430;&#x43D;&#x43D;&#x44B;&#x445; &#x41C;&#x410;&#x418;&#x421; "&#x422;&#x443;&#x431;&#x435;&#x440;&#x43A;&#x443;&#x43B;&#x435;&#x437;"</subfield>
    <subfield code="e">&#x41C;&#x435;&#x442;&#x43E;&#x434;. &#x440;&#x435;&#x43A;&#x43E;&#x43C;&#x435;&#x43D;&#x434;&#x430;&#x446;&#x438;&#x438; N 99/130</subfield>
    <subfield code="f">&#x41C;-&#x432;&#x43E; &#x437;&#x434;&#x440;&#x430;&#x432;&#x43E;&#x43E;&#x445;&#x440;&#x430;&#x43D;&#x435;&#x43D;&#x438;&#x44F; &#x420;&#x43E;&#x441;. &#x424;&#x435;&#x434;&#x435;&#x440;&#x430;&#x446;&#x438;&#x438;, &#x421;.-&#x41F;&#x435;&#x442;&#x435;&#x440;&#x431;. &#x41D;&#x418;&#x418; &#x444;&#x442;&#x438;&#x437;&#x438;&#x43E;&#x43F;&#x443;&#x43B;&#x44C;&#x43C;&#x43E;&#x43D;&#x43E;&#x43B;&#x43E;&#x433;&#x438;&#x438;</subfield>
  </datafield>
  <datafield tag="210" ind1=" " ind2=" ">
    <subfield code="a">&#x421;&#x41F;&#x431;.</subfield>
    <subfield code="c">&#x411;.&#x438;.</subfield>
    <subfield code="d">1999</subfield>
  </datafield>
  <datafield tag="215" ind1=" " ind2=" ">
    <subfield code="a">20 &#x441;.</subfield>
    <subfield code="d">20</subfield>
  </datafield>
  <datafield tag="606" ind1="0" ind2=" ">
    <subfield code="a">&#x41F;&#x440;&#x43E;&#x442;&#x438;&#x432;&#x43E;&#x442;&#x443;&#x431;&#x435;&#x440;&#x43A;&#x443;&#x43B;&#x435;&#x437;&#x43D;&#x430;&#x44F; &#x43F;&#x43E;&#x43C;&#x43E;&#x449;&#x44C;</subfield>
    <subfield code="j">&#x41C;&#x435;&#x442;&#x43E;&#x434;&#x438;&#x447;&#x435;&#x441;&#x43A;&#x438;&#x435; &#x43F;&#x43E;&#x441;&#x43E;&#x431;&#x438;&#x44F;</subfield>
    <subfield code="x">&#x411;&#x430;&#x437;&#x44B; &#x434;&#x430;&#x43D;&#x43D;&#x44B;&#x445;</subfield>
    <subfield code="9">2204601</subfield>
    <subfield code="3">RU\NLR\auth\661324602</subfield>
  </datafield>
  <datafield tag="606" ind1="1" ind2=" ">
    <subfield code="a">&#x41F;&#x440;&#x43E;&#x442;&#x438;&#x432;&#x43E;&#x442;&#x443;&#x431;&#x435;&#x440;&#x43A;&#x443;&#x43B;&#x435;&#x437;&#x43D;&#x430;&#x44F; &#x43F;&#x43E;&#x43C;&#x43E;&#x449;&#x44C;</subfield>
    <subfield code="j">&#x41C;&#x435;&#x442;&#x43E;&#x434;&#x438;&#x447;&#x435;&#x441;&#x43A;&#x438;&#x435; &#x43F;&#x43E;&#x441;&#x43E;&#x431;&#x438;&#x44F;</subfield>
    <subfield code="x">&#x411;&#x430;&#x437;&#x44B; &#x434;&#x430;&#x43D;&#x43D;&#x44B;&#x445;</subfield>
    <subfield code="9">2204601</subfield>
    <subfield code="3">RU\NLR\auth\661324602</subfield>
  </datafield>
  <datafield tag="686" ind1=" " ind2=" ">
    <subfield code="a">&#x420;11(2)285.4&#x44F;8</subfield>
  </datafield>
  <datafield tag="712" ind1="0" ind2="2">
    <subfield code="4">570</subfield>
    <subfield code="a">&#x421;&#x430;&#x43D;&#x43A;&#x442;-&#x41F;&#x435;&#x442;&#x435;&#x440;&#x431;&#x443;&#x440;&#x433;&#x441;&#x43A;&#x438;&#x439; &#x41D;&#x418;&#x418; &#x444;&#x442;&#x438;&#x437;&#x438;&#x43E;&#x43F;&#x443;&#x43B;&#x44C;&#x43C;&#x43E;&#x43D;&#x43E;&#x43B;&#x43E;&#x433;&#x438;&#x438;</subfield>
    <subfield code="3">RU\NLR\AUTH\889946450</subfield>
    <subfield code="9">388481</subfield>
  </datafield>
  <datafield tag="801" ind1=" " ind2="0">
    <subfield code="a">RU</subfield>
    <subfield code="b">NLR</subfield>
    <subfield code="c">20010510</subfield>
    <subfield code="g">PSBO</subfield>
  </datafield>
  <datafield tag="801" ind1=" " ind2="1">
    <subfield code="a">RU</subfield>
    <subfield code="b">NLR</subfield>
    <subfield code="c">20010510</subfield>
  </datafield>
  <datafield tag="942" ind1=" " ind2=" ">
    <subfield code="c">BOOK</subfield>
  </datafield>
  <datafield tag="980" ind1=" " ind2=" ">
    <subfield code="a">NB</subfield>
  </datafield>
  <datafield tag="995" ind1=" " ind2=" ">
    <subfield code="5">2001-05-10</subfield>
    <subfield code="a">a9</subfield>
    <subfield code="b">NLR01</subfield>
    <subfield code="c">NLR01</subfield>
    <subfield code="e">RF8</subfield>
    <subfield code="f">120938</subfield>
    <subfield code="k">2001-4/2844</subfield>
    <subfield code="o">0</subfield>
    <subfield code="r">BOOK</subfield>
    <subfield code="s">200142844_</subfield>
  </datafield>
  <datafield tag="995" ind1=" " ind2=" ">
    <subfield code="5">2001-05-10</subfield>
    <subfield code="a">az</subfield>
    <subfield code="b">NLR01</subfield>
    <subfield code="c">NLR01</subfield>
    <subfield code="e">RF8</subfield>
    <subfield code="f">120939</subfield>
    <subfield code="k">2001-4/2844</subfield>
    <subfield code="o">0</subfield>
    <subfield code="r">BOOK</subfield>
    <subfield code="s">200142844_</subfield>
  </datafield>
</record>
